Vendéglátási etika és etikett

Bibliographic Details
Main Author: Safranka Lexa
Other Authors: Hámori Dr. Antal
Format: Project work
Kulcsszavak:vendéglátás
etika
etikett
Online Access:http://dolgozattar.uni-bge.hu/22076

MARC

LEADER 00000nnm a2200000 i 4500
001 dolg22076
005 20190909130352.0
008 190516suuuu hu o 000 hun d
040 |a BGE Dolgozattár Repozitórium  |b hun 
041 |a hu 
100 1 |a Safranka Lexa 
245 1 0 |a Vendéglátási etika és etikett  |c Safranka Lexa  |h [elektronikus dokumentum] 
246 1 1 |a Vendéglátási etika és etikett 
516 |a Project_work 
695 |a vendéglátás 
695 |a etika 
695 |a etikett 
700 1 |a Hámori Dr. Antal  |e ths 
856 4 0 |u http://dolgozattar.uni-bge.hu/22076/1/Safranka%20Lexa_EPAI79_TV.pdf  |z Dokumentum-elérés